[Event "RUS-chT 11th"]
[Site "Sochi"]
[Date "2004.04.24"]
[Round "5.5"]
[White "Korotylev, Alexey"]
[Black "Smirnov, Pavel"]
[Result "0-1"]
[WhiteElo "2565"]
[BlackElo "2601"]
[Annotator "Huebner,R"]
[PlyCount "92"]
[EventDate "2004.04.20"]
[EventType "team-tourn"]
[EventRounds "9"]
[EventCountry "RUS"]
[SourceTitle "EXT 2020"]
[Source "ChessBase"]
[SourceDate "2019.10.17"]
[SourceVersion "1"]
[SourceVersionDate "2019.10.17"]
[SourceQuality "1"]
[WhiteTeam "Samara Termosteps"]
[BlackTeam "Tomsk 400"]
[WhiteTeamCountry "RUS"]
[BlackTeamCountry "RUS"]

1. d4 d5 2. c4 c6 3. Nc3 Nf6 4. Nf3 dxc4 5. a4 Bf5 6. Ne5 Nbd7 7. Nxc4 Qc7 8.
g3 e5 9. dxe5 Nxe5 10. Bf4 Nfd7 11. Bg2 g5 12. Ne3 (12. Nxe5 gxf4 {1/2-1/2
Birjukov,S-Haimi,A/Lahti 1997/EXT 99 (12)}) ({Nach} 12. Bxe5 Nxe5 13. Qd4 f6 (
13... Nxc4 14. Qxh8 O-O-O {wurde laut Schachwoche 4/2000, S.12, von G.Kasparov
befürchtet, doch sehe ich nach} 15. Qf6 {keine ansprechende Fortsetzung für
Schwarz.}) 14. O-O Be7 {dürfte Weiß kaum Vorteil haben. Der Textzug gefällt
mir weit besser, weil Weiß den wichtigen weißfeldrigen Läufer des Gegners
eliminiert.}) 12... gxf4 13. Nxf5 O-O-O 14. Qc2 Nc5 (14... Ng4 15. a5 fxg3 (
15... a6 16. Ra4 h5 17. Rxf4 Qxa5 18. O-O {mit Vorteil für Weiß.}) (15... Bc5
16. O-O (16. Ne4 Bb4+ {ist weniger überzeugend.}) 16... fxg3 17. hxg3 a6 (17...
Bxf2+ 18. Rxf2 Nxf2 19. Kxf2 {ist nicht genügend für Schwarz; der Springer auf
f5 steht zu stark.}) 18. Ne4 Bf8 19. Rfd1 {mit Vorteil für Weiß.}) 16. hxg3 a6
17. Ra4 Ndf6 18. Ne4 Nxe4 ({Bessere Möglichkeiten, die Nachteile der
Bauernstruktur durch dynamisches Figurenspiel auszugleichen, bot meines
Erachtens die Fortsetzung} 18... Nd5 19. Bh3 Ne5 20. Nc5 Kb8) 19. Bxe4 h5 20.
Kf1 Kb8 21. Kg2 Be7 22. Nxe7 Qxe7 23. Bf3 Ne5 ({Die Fortsetzungen} 23... Qg5
24. Rb4 {oder}) (23... Qe6 24. Qc3 ({Ungenügend ist die Fortsetzung} 24. Rxh5
Rxh5 25. Bxg4 Qd5+ 26. Bf3 Qf5) 24... f6 25. Rd4 {bewahren den Schwarzen auf
die Dauer auch nicht vor Bauernverlust. Seine Stellung ist strategisch
verloren.}) 24. Bxh5 $18 {1-0 Kasparov,G-Morozevich,A/Wijk aan Zee 2000/CBM 75/
[Huebner,R] (45). (45)}) (14... Bb4 {gefällt mir besser. Auf} 15. gxf4 {folgt}
Nc4 16. Qb3 (16. e3 Nc5 {überläßt dem Schwarzen eine beachtliche Initiative.})
16... Bxc3+ 17. Qxc3 Qxf4 {mit genügendem Gegenspiel für Schwarz.}) 15. O-O ({
Auf} 15. gxf4 {folgt} Nc4 {mit starkem Gegenspiel.}) (15. b4 f3 {ist ebenfalls
nicht besonders attraktiv für Weiß.}) 15... Ne6 16. Rad1 Bc5 (16... Bb4 {
ist weniger genau:} 17. Na2 {, und auf} Bc5 {folgt} 18. b4) 17. Ne4 Bb4 18. e3
(18. Qc1 fxg3 19. hxg3 Rxd1 20. Rxd1 Rd8 21. Bh3 Kb8 22. Kg2 a5 23. b3 {
1/2-1/2 Kramnik,V-Morozevich,A/Astana 2001/CBM 84/[Huebner,R] (23).}) 18...
fxe3 19. fxe3 Kb8 20. Nf6 a5 21. Nd4 {Dies ist ein neuer Zug. Er dürfte jedoch
die solide Stellung des Schwarzen nicht erschüttern können.} (21. g4 Be7 22.
Nxe7 Qxe7 23. Qc3 Qc5 (23... Nc5 {kommt in Betracht; dies führt zu
komplizierterem Spiel als der Textzug:} 24. Rxd8+ (24. Qxa5 Rxd1 25. Rxd1 Ned3
26. Ne4 Rg8 27. h3 f5 {sieht nicht ungefährlich für Weiß aus.}) (24. Rd4 Ned3
25. Rf3 (25. Ne4 Rhg8 26. Rxd8+ Rxd8 27. Qxa5 Rd5 {ist gefährlich für Weiß.})
25... Nb4 $11) 24... Rxd8 25. Qxa5 Nc4 {mit gutem Spiel für Schwarz.}) 24. Rc1
Qxc3 25. Rxc3 Nf8 $11 {1/2-1/2 Bareev,E-Morozevich,A/Wijk aan Zee 2002/CBM 87/
[Huebner,R] (41). (41)}) 21... Bc5 (21... Nc5 {kommt auch in Betracht.}) 22.
Kh1 $6 (22. Qe4 Nxd4 23. exd4 Rxd4 24. Rxd4 Qd6 {ist günstig für Schwarz.}) (
22. Qc3 {ist der angewiesene Zug.}) 22... Bxd4 23. exd4 Nxd4 24. Qc3 Ne6 25.
Rfe1 Ng6 26. b4 Rxd1 27. Rxd1 Rd8 28. Rb1 axb4 29. Qxb4 Rd4 30. Qb2 Ne5 31. Ne8
{Es kommen viele andere Züge in Betracht:} (31. Nxh7 Rxa4 32. Nf6) (31. Qc3 {
usw. Das Gleichgewicht ist wohl noch nicht gestört.}) 31... Qd7 (31... Qe7 {
ist kaum besser:} 32. Nd6 Nd3 (32... b5 {ist in dieser Stellung nicht
empfehlenswert:} 33. Nxb5 Nd3 34. Nxd4+ Nxb2 35. Nxc6+ {, und Weiß gewinnt.})
33. Qxb7+ Qxb7 34. Rxb7+ (34. Nxb7 Kc7 {sieht ungünstig für Weiß aus.}) 34...
Ka8 35. Rxf7 Rxd6 36. Rxh7 {Schwarz dürfte diese Stellung nicht gewinnen
können.}) 32. Nd6 $2 (32. Nf6 {dürfte noch das Gleichgewicht wahren:} Qe7 33.
Nxh7 {usw.}) 32... b5 33. axb5 $2 {Hiernach steht Weiß völlig auf Verlust.
Nötig ist} (33. Ne4 Rd1+ 34. Bf1 {wenn auch Schwarz nach} Nc4 {erklecklichen
Vorteil hat.}) 33... Qxd6 34. bxc6+ Kc8 35. Qc2 (35. Qb7+ Kd8 36. h3 Rd1+ 37.
Rxd1 Qxd1+ 38. Kh2 Qd6 {ist hoffnungslos für Weiß.}) 35... Rd2 36. Qa4 Kd8 37.
Qh4+ Ke8 38. Rf1 Rxg2 39. Kxg2 Qxc6+ 40. Kg1 Qc5+ 41. Kh1 Qd5+ 42. Kg1 Ng5 43.
Qa4+ Kf8 44. Qb4+ Kg7 45. h4 Ngf3+ 46. Kf2 Nd3+ 0-1

[Event "Excelsior Cup"]
[Site "Gothenburg"]
[Date "2001.??.??"]
[Round "2"]
[White "Ahlander, Bjorn"]
[Black "Aaberg, Anton"]
[Result "0-1"]
[WhiteElo "2424"]
[BlackElo "2300"]
[Annotator "Huebner,R"]
[PlyCount "74"]
[EventDate "2001.01.08"]
[EventType "tourn"]
[EventRounds "9"]
[EventCountry "SWE"]
[EventCategory "7"]
[SourceTitle "CBM 081"]
[Source "ChessBase"]
[SourceDate "2001.03.20"]
[SourceVersion "1"]
[SourceVersionDate "2001.03.20"]
[SourceQuality "1"]

1. d4 d5 2. c4 c6 3. Nc3 Nf6 4. Nf3 dxc4 5. a4 Bf5 6. Ne5 e6 7. g3 {Beliebter
ist} (7. f3) 7... Bb4 8. Bg2 Be4 9. f3 Bg6 10. O-O c5 11. f4 $6 {Dies sieht
außerordentlich riskant aus; Weiß überläßt dem Gegner das Zentrum. Nachdem er
den Ta8 für seinen weißfeldrigen Läufer gewonnen hat, bleibt er mit gräßlichen
weißfeldrigen Löchern sitzen. Üblich ist} (11. Na2 {Nach} Nc6 12. Nxc6 bxc6 13.
e4 Qb6 {entsteht eine unklare Lage.}) 11... cxd4 12. Nb5 $6 ({Die Fortsetzung} 
12. Bxb7 Qb6 (12... Nbd7 13. Bxa8 Qxa8 14. Nb5 O-O {führt zur
Partiefortsetzung; die Lage ist nicht klar.}) 13. Bxa8 dxc3+ 14. e3 (14. Kg2 c2
{führt zu Damenverlust.}) 14... cxb2 15. Bxb2 Qxe3+ 16. Kh1 c3 {sieht auch
nicht verlockend für Weiß aus, bot aber vielleicht noch bessere Möglichkeiten
zum Widerstand als der Textzug.}) 12... O-O $4 {Danach erhält Weiß die bessere
Stellung.} ({Die Folge} 12... d3 13. Be3 Bh5 {wäre für Weiß außerordentlich
unangenehm gewesen.}) 13. Bxb7 Nbd7 ({Nicht besser ist} 13... Be4 14. Bxa8 Bxa8
15. Qxd4 {, und Schwarz hat keine genügende Kompensation für das geopferte
Material.}) (13... Bc2 14. Qxc2 Qb6 15. Qxc4 Qxb7 16. Qxb4 a6 17. Bd2 {sieht
auch nicht befriedigend für Schwarz aus.}) 14. Bxa8 Qxa8 15. Nxg6 hxg6 16. Bd2
$4 (16. Nxd4 {ist auf alle Fälle nötig; Weiß muß das Zentrum des Gegners
zerstören. Ich kann überhaupt nicht sehen, was gegen diesen Zug spricht. Nach
dem Textzug kommt der Springer nicht mehr in bewohnte Gegenden.}) 16... Bc5 17.
b4 cxb3 18. Qxb3 a6 19. Na3 Rb8 $2 (19... Ne4 {führte unmittelbar zum Gewinn:}
20. Qd3 Nxd2 21. Qxd2 d3+ 22. e3 Qe4 {usw.}) 20. Qf3 (20. Qd3 e5 {ist nicht
besser für Weiß.}) 20... d3+ 21. e3 (21. Be3 {scheitert an} dxe2 22. Qxe2 Rb2
23. Qxb2 Bxe3+ 24. Rf2 Ng4 {, und Schwarz gewinnt.}) 21... Qd5 $2 ({Stärker ist
} 21... Qxf3 22. Rxf3 Ne4 23. Ba5 (23. Nc4 Nb6 24. Rb1 Re8 {, und Schwarz
gewinnt.}) 23... Rb2 24. Nc4 Rc2 25. Na3 Re2 26. Nc4 Ndf6 {mit Gewinnstellung
für Schwarz.}) 22. Qxd5 exd5 23. Rfb1 ({Auf} 23. Rfd1 {folgt} Rb3 24. Nb1 d4
25. e4 Nxe4 {Weiß kann sich nicht rühren und wird zerquetscht.}) 23... Re8 24.
Rb7 Re4 25. Nb1 $2 {Weiß mußte der Drohung 25...d4 unbedingt begegnen.} (25.
Kf1 {ist dazu das geeignete Mittel; Weiß steht dann nicht schlechter.} Rxa4 26.
Nc2 {ist nicht günstig für Schwarz.}) 25... d4 $19 26. Ra2 dxe3 27. Kf1 e2+ 28.
Kg2 (28. Ke1 Ng4 $19) 28... e1=Q 29. Bxe1 Rxe1 30. Rd2 Bb6 31. Nc3 Re3 32. Kf1
Ba5 33. Rb3 Nc5 34. Rb8+ Kh7 35. Nd1 Bxd2 36. Nxe3 Bxe3 37. Ra8 Nfe4 0-1

[Event "Linares Anibal op 08th"]
[Site "Linares"]
[Date "2001.01.17"]
[Round "10"]
[White "Sakaev, Konstantin"]
[Black "Vokarev, Sergey"]
[Result "1-0"]
[WhiteElo "2639"]
[BlackElo "2492"]
[Annotator "Huebner,R"]
[PlyCount "87"]
[EventDate "2001.01.08"]
[EventType "swiss"]
[EventRounds "11"]
[EventCountry "ESP"]
[SourceTitle "CBM 081"]
[Source "ChessBase"]
[SourceDate "2001.03.20"]
[SourceVersion "1"]
[SourceVersionDate "2001.03.20"]
[SourceQuality "1"]

1. d4 d5 2. c4 c6 3. Nf3 Nf6 4. Nc3 dxc4 5. a4 Bf5 6. Ne5 e6 7. f3 Bb4 8. e4
Bxe4 9. fxe4 Nxe4 10. Bd2 Qxd4 11. Nxe4 Qxe4+ 12. Qe2 Bxd2+ 13. Kxd2 Qd5+ 14.
Kc2 Na6 15. Nxc4 O-O 16. Qe5 Rab8 17. a5 Rfd8 18. Be2 f6 19. Qxd5 cxd5 20. Nd2
Rdc8+ 21. Kb3 Rc5 {Das Endspiel ist in jedem Falle für Weiß bequemer zu
spielen, vergleiche:} (21... Kf7 22. Rhc1 Ke7 23. Ka3 Nc5 24. b4 Nd7 25. Nb3 g6
26. a6 bxa6 27. Nd4 Kd6 28. Rxc8 Rxc8 29. Kb3 $16 {1-0 Topalov,V-Khalifman,A/
Istanbul 2000/EXT 2001 (57). (56)}) 22. Rhc1 Rbc8 23. Rc3 Rxc3+ ({Nicht
bequemer für Schwarz ist die Fortsetzung} 23... Kf7 24. Rac1 Rxc3+ 25. Rxc3
Rxc3+ 26. Kxc3 Nc7 27. b4 e5 28. Nb3 {mit Vorteil für Weiß}) 24. bxc3 Nc5+ 25.
Kb4 Kf7 26. Nb3 Nxb3 ({Die Fortsetzung} 26... Ne4 27. c4 dxc4 28. Bxc4 Nd6 29.
Bd3 g6 {bot vielleicht bessere Aussichten auf Rettung.}) 27. Kxb3 e5 28. c4
dxc4+ ({Nach} 28... d4 29. Bf3 Rc7 30. Ra4 {verliert Schwarz seinen b-Bauern.})
29. Bxc4+ Ke7 30. Rd1 Rc7 31. Kb4 g6 32. h4 Rc6 (32... f5 {sollte versucht
werden.}) 33. h5 Rc7 34. hxg6 hxg6 35. Rh1 f5 36. Rh7+ Kd6 37. Rh8 Rg7 38. Re8
e4 39. Re6+ Kd7 40. Kc5 Kd8 41. Kd4 Re7 42. Rf6 Ke8 43. Rxg6 Rh7 44. Ke5 1-0

[Event "Pamplona 9798 8th"]
[Site "Pamplona"]
[Date "1997.12.30"]
[Round "3"]
[White "San Segundo Carrillo, Pablo"]
[Black "Illescas Cordoba, Miguel"]
[Result "1/2-1/2"]
[WhiteElo "2495"]
[BlackElo "2585"]
[Annotator "Huebner,R"]
[PlyCount "56"]
[EventDate "1997.12.28"]
[EventType "tourn"]
[EventRounds "9"]
[EventCountry "ESP"]
[EventCategory "13"]
[SourceTitle "CBM 063"]
[Source "ChessBase"]
[SourceDate "1998.03.26"]
[SourceVersion "1"]
[SourceVersionDate "1998.03.26"]
[SourceQuality "1"]

1. d4 Nf6 2. Nf3 d5 3. c4 c6 4. Nc3 dxc4 5. a4 Bf5 6. Ne5 e6 7. f3 Bb4 8. e4
Bxe4 9. fxe4 Nxe4 10. Bd2 Qxd4 11. Nxe4 Qxe4+ 12. Qe2 Bxd2+ 13. Kxd2 Qd5+ 14.
Kc3 Na6 15. Nxc4 O-O 16. Qe5 f6 {Dieser Zug wird hier, soweit ich sehe,
erstmals in einer praktischen Partie erprobt.} 17. Qxd5 cxd5 18. Nd6 Rab8 19.
b4 {Mit diesem Zug enden die Angaben in der Informatormonographie von Z. Ribli
(Slawisch, D16-19) unter D17/73, Fußnote 460; seiner Meinung nach hat Weiß
klaren Vorteil. Schwarz zeigt jedoch, daß er sich in Grenzen hält.} Nc7 20. Rc1
(20. Nb5 {ist interessant:} Rbc8 (20... Rfc8 21. Kd2 (21. Kb3 a6 (21... Nxb5
22. axb5 {überläßt dem Weißen großen Vorteil.}) 22. Na7 Rd8 23. b5 {Weiß hat
einige Initiative.}) 21... a6 (21... Nxb5 22. axb5 {ist auch hier unangenehm
für Schwarz.}) 22. Na7 Rd8 23. b5 {mit guten Aussichten für Weiß.}) 21. Kd2 a6
22. Nd6 Rb8 23. Rc1 Na8 24. Re1 Nc7 {Weiß hat wohl nichts Besseres, als mit}
25. Rc1 Na8 26. Re1 {remis durch Zugwiederholung zu erzwingen.}) 20... Rfd8 21.
Kb3 Na8 22. Nb5 a6 23. Nd4 Kf7 24. g3 e5 25. Nf3 Rbc8 26. Bh3 Rc4 27. Rhd1 Ke7
28. Bf1 Rxc1 1/2-1/2

[Event "RUS-CHN Summit Men 2nd"]
[Site "Moscow"]
[Date "2004.08.15"]
[Round "5"]
[White "Sakaev, Konstantin"]
[Black "Bu, Xiangzhi"]
[Result "1-0"]
[WhiteElo "2664"]
[BlackElo "2620"]
[Annotator "Huebner,R"]
[PlyCount "109"]
[EventDate "2004.08.10"]
[EventType "schev"]
[EventRounds "6"]
[EventCountry "RUS"]
[SourceTitle "CBM 103"]
[Source "ChessBase"]
[SourceDate "2004.11.11"]
[SourceVersion "1"]
[SourceVersionDate "2004.11.11"]
[SourceQuality "1"]
[WhiteTeam "Russia"]
[BlackTeam "China"]
[WhiteTeamCountry "RUS"]
[BlackTeamCountry "CHN"]

1. d4 d5 2. c4 c6 3. Nf3 Nf6 4. Nc3 dxc4 5. a4 Bf5 6. Ne5 Nbd7 7. Nxc4 Nb6 8.
Ne5 a5 9. g3 e6 10. Bg2 Bb4 11. O-O O-O 12. e3 h6 13. Qe2 Bh7 14. Rd1 Nfd7 15.
Nxd7 (15. Nd3 Qe7 (15... Be7 16. e4 $14) 16. e4 e5 (16... Rfd8 17. Bf4 $14) 17.
d5 (17. dxe5 Nxe5 18. Nxe5 Qxe5 19. Bf4 Qe6 $15) 17... Rfd8 (17... Bxc3 18.
bxc3 {/\Ba3}) 18. Be3 Bxc3 19. bxc3 cxd5 20. exd5 Nc4 $6 (20... Rac8 $11) 21.
Bxh6 gxh6 22. Qg4+ Qg5 23. Qxc4 Rac8 24. Qb5 (24. Qb3 $2 Bxd3 25. Rxd3 Nc5)
24... Rxc3 25. Ne1 $6 (25. f4 exf4 (25... Bxd3 26. Rxd3 $18) 26. Nxf4 $16)
25... b6 $11 {1/2-1/2 Kramnik,V-Short,N/Novgorod 1994/CBM 43/[Hansen,Cu] (46).
(46)}) 15... Nxd7 16. e4 Qe7 17. Be3 Nf6 {Das ist ein neuer Zug; auf die
Stellungsbewertung hat er natürlich keinen Einfluß. Schwarz steht etwas
gedrückt, aber seine Stellung ist sehr solide. Es ist schwer für Weiß,
Fortschritte zu machen. Frühere Beispiele aus dieser Stellung heraus bieten:} (
17... Rae8 18. Na2 Bd6 19. Qd2 Bc7 20. d5 exd5 21. exd5 cxd5 22. Nc3 Nf6 23.
Nxd5 Nxd5 24. Qxd5 Qf6 25. Qb5 $14 {0-1 Shchekachev,A-Motylev,A/Bastia 2003/
EXT 2004 (52). (51)}) (17... Rfd8 18. d5 exd5 19. exd5 Bxc3 20. dxc6 Bf6 21.
cxd7 Rxd7 22. Rxd7 Qxd7 23. Qb5 Qxb5 $11 {1-0 Ruck,R-Berkes,F/Heviz 2003/CBM
96 (42). (41)}) 18. f3 Nd7 19. Na2 Bd6 20. Nc1 Rfd8 21. f4 Bc7 22. Nd3 Bb6 23.
Bf2 Bg6 24. Rac1 f6 25. Bh3 Kh8 26. e5 Ba7 $6 (26... Bxd3 27. Rxd3 f5 28. g4 {
sieht für Schwarz etwas riskant aus, aber}) (26... Bf5 {bewahrt eine
ausgeglichene Stellung.}) 27. exf6 Qxf6 28. Nc5 Nxc5 29. dxc5 Bf5 30. Bxf5 $6 (
30. Bg2 {verspricht vielleicht etwas mehr.}) 30... exf5 31. b3 Qf7 32. Qc4 Kg8
$6 ({Nach} 32... Qxc4 33. bxc4 Kg8 {sollte Schwarz sich halten können:} 34. Rb1
(34. Rd6 Rf8) 34... Rxd1+ 35. Rxd1 Rf8 {usw.}) 33. Qc3 Qc7 34. Qc4+ Qf7 35. Qc3
Qc7 36. Kg2 Kh7 ({Vielleicht ist} 36... Rxd1 37. Rxd1 Re8 {mit haltbarer
Stellung vorzuziehen.}) 37. Qc2 Qf7 38. Qc4 Kg6 $2 {Spielt Schwarz auf
Gewinn?! Der König steht hier nicht gut. Am stärksten war es, remis zu
beanspruchen:} (38... Kg8 {hätte zum dritten Mal dieselbe Stellung
herbeigeführt.}) 39. Qc3 Qc7 40. Re1 (40. Bd4 {ist auch sehr unangenehm für
Schwarz:} Rd5 41. Be5 Qd7 42. Rxd5 Qxd5+ 43. Kh3 Qf7 44. Qxa5 Qxb3 45. Qc7 Qf7
46. Qxf7+ Kxf7 47. Rb1 {usw.}) 40... Re8 (40... Rd5 41. Re6+ Kh7 42. Rce1 Rd7
43. R1e5 {ist auch unerfreulich für Schwarz.}) ({Die Folge} 40... Qf7 41. Rcd1
Rxd1 42. Rxd1 Kh7 43. Rd3 Bb8 44. Qd2 {flößt auch kein Vertrauen in die
Verteidigungsmöglichkeiten des Schwarzen ein.ein.}) 41. Rcd1 Kh7 42. Qd3 Rf8 (
42... Qf7 43. Qd7 Qxd7 44. Rxd7 Rxe1 45. Bxe1 Bxc5 46. Bc3 Bf8 47. Rxb7 {
sieht ebenfalls hoffnungslos für Schwarz aus.}) 43. Qd7 Rf7 44. Qxc7 Rxc7 45.
Re6 Rb8 46. Red6 b6 (46... b5 47. Rd7 Rbb7 48. Rxc7 Rxc7 49. Rd8 {dürfte
Schwarz auf die Dauer auch nicht überleben können; Weiß spielt L-d4, so daß
der Turm des Schwarzen zur Verteidigung auf der siebten Reihe verharren muß,
und bringt seinen König ins Zentrum, idealerweise nach c4.}) 47. Rd7 Rcb7 48.
Be1 bxc5 49. Bxa5 Kg6 50. Bc7 Re8 51. Be5 Re7 52. Rxe7 Rxe7 53. Rd6+ Kf7 54.
Rxc6 Rb7 55. a5 1-0

[Event "Veterans-Women"]
[Site "Copenhagen"]
[Date "1997.??.??"]
[Round "6"]
[White "Ioseliani, Nana"]
[Black "Smyslov, Vassily V"]
[Result "1/2-1/2"]
[WhiteElo "2520"]
[BlackElo "2480"]
[Annotator "Huebner,R"]
[PlyCount "80"]
[EventDate "1997.07.23"]
[EventType "schev"]
[EventRounds "10"]
[EventCountry "DEN"]
[SourceTitle "CBM 061"]
[Source "ChessBase"]
[SourceDate "1997.11.23"]
[SourceVersion "1"]
[SourceVersionDate "1997.11.23"]
[SourceQuality "1"]

1. Nf3 d5 2. d4 Nf6 3. c4 c6 4. Nc3 dxc4 5. a4 Bf5 6. Ne5 Nbd7 7. Nxc4 Qc7 8.
g3 e5 9. dxe5 Nxe5 10. Bf4 Nfd7 11. Bg2 f6 12. Nxe5 {Ich sehe keinen Grund,
nicht erst Lf5-e6 abzuwarten. Dies ist wichtiger als es auf den ersten Blick
erscheint, weil das Feld e4 in der Folge eine wichtige Rolle spielen wird.} (
12. O-O O-O-O 13. Nxe5 Nxe5 (13... fxe5 14. Bg5) 14. Qb3 {birgt für den
Schwarzen Risiken.}) 12... fxe5 (12... Nxe5 13. O-O Rd8 14. Qb3 Qf7 15. Qxf7+
Kxf7 16. Bxe5 fxe5 17. f4 Rd2 18. fxe5 Ke6 19. Rf4 Rxb2 20. Raf1 Bc5+ 21. Kh1
Bg6 22. Bh3+ Kxe5 23. Bf5 Rb4 24. Bxg6 hxg6 25. Rf7 Rg8 26. R1f4 Ke6 27. Rc7 {
Crouch,C-Summerscale,A/Dublin zt 1993/EXP 34/0-1 (50)}) 13. Be3 Bc5 14. Qc1
Bxe3 15. Qxe3 a5 16. O-O {Hiernach erzwingt Schwarz den Damentausch und hat
keinerlei Probleme mehr.} (16. Be4 {hätte dem Weißen einen winzigen Vorteil
überlassen.}) 16... Qb6 17. Qxb6 (17. Qd2 O-O-O $15) 17... Nxb6 18. Ne4 Bxe4
19. Bxe4 Ke7 20. Rfc1 h6 21. Ra3 Kd6 22. Rd3+ Kc7 23. b3 Rhd8 24. Rf3 Rd4 25.
Rf7+ Rd7 26. Rf5 Re7 27. g4 Nd7 28. g5 hxg5 29. Rxg5 Kb6 30. Rc3 Nc5 31. Bf5
Rh8 32. Rcg3 Rh4 33. Bc2 Re8 34. Rxg7 Reh8 35. h3 Rxh3 36. Rxh3 Rxh3 37. e3 Rh6
38. Rg5 Re6 39. Kf1 Re7 40. Ke2 Nd7 1/2-1/2